[Event "Zhukovsky op-B"]
[Site "Zhukovsky"]
[Date "2009.01.??"]
[Round "6"]
[White "Denisov, Alexander Grig"]
[Black "Piskunov, Yury"]
[Result "1-0"]
[WhiteElo "1961"]
[BlackElo "2311"]
[PlyCount "85"]
[EventDate "2009.01.??"]
[EventType "swiss"]
[EventRounds "7"]
[EventCountry "RUS"]
[SourceTitle "EXT 2012"]
[Source "ChessBase"]
[SourceDate "2011.11.24"]
[SourceVersion "1"]
[SourceVersionDate "2011.11.24"]
[SourceQuality "1"]

1. e4 e5 2. Nf3 Nc6 3. Bc4 Nf6 4. d4 exd4 5. 0-0 Nxe4 6. Re1 d5 7. Bxd5 Qxd5 8. Nc3 Qd8 9. Nxe4 Be7 10. Bg5 0-0 11. Qd3 Bf5 12. Rad1 Bxe4 13. Rxe4 Bxg5 14. Qb5 Bf6 15. Qxb7 Qd7 16. c3 Rfb8 17. Qa6 Rb6 18. Qc4 Rxb2 19. Rde1 dxc3 20. Qd5 Qc8 21. Qxc6 Rbb8 22. h3 h6 23. Rg4 Rb6 24. Qa4 Ra6 25. Qc2 Rb8 26. Rge4 Re6 27. Ne5 Bxe5 28. Rxe5 Rxe5 29. Rxe5 Rb2 30. Qxc3 Rxa2 31. Qe3 Ra1+ 32. Kh2 Kh7 33. Re7 Qf5 34. Rxc7 Ra2 35. Kg1 a5 36. Rc5 Ra1+ 37. Kh2 Qb1 38. Qc3 Qb8+ 39. Rc7 a4 40. Qc2+ g6 41. Qc4 Qb3 42. Rxf7+ Kh8 43. Qc8# 1-0

[Event "Novokuznetsk-ch op"]
[Site "Novokuznetsk"]
[Date "2007.11.24"]
[Round "1"]
[White "Denisov, Alexander Grig"]
[Black "Nikulin, Andrey N"]
[Result "0-1"]
[WhiteElo "1976"]
[BlackElo "2162"]
[PlyCount "106"]
[EventDate "2007.11.24"]
[EventType "swiss"]
[EventRounds "9"]
[EventCountry "RUS"]
[SourceTitle "EXT 2022"]
[Source "ChessBase"]
[SourceDate "2021.10.06"]
[SourceVersion "1"]
[SourceVersionDate "2021.10.06"]
[SourceQuality "1"]

1. e4 Nc6 2. Nf3 e5 3. d4 exd4 4. Nxd4 Bc5 5. Nxc6 Qf6 6. Qd2 Qxc6 7. Nc3 Nf6 8. Bb5 Qe6 9. 0-0 0-0 10. Bd3 c6 11. Qg5 Be7 12. Qg3 d6 13. f4 Qg4 14. Qxg4 Nxg4 15. Bd2 Bd8 16. Be1 Re8 17. Bg3 h5 18. h3 Nf6 19. e5 dxe5 20. fxe5 Nd5 21. Bc4 Be6 22. Nxd5 cxd5 23. Bb5 Bb6+ 24. Kh1 Rec8 25. c3 d4 26. cxd4 Bxd4 27. Be2 h4 28. Bxh4 Bxe5 29. Bf3 Rab8 30. Rae1 f6 31. b3 Rc2 32. Rf2 Rxf2 33. Bxf2 b6 34. g4 Kf7 35. Kg2 Rd8 36. Bg3 Bxg3 37. Kxg3 Rd2 38. Re2 Rd3 39. Kg2 g5 40. Rc2 a5 41. Rc7+ Kf8 42. Rc2 Ke7 43. Kf2 a4 44. bxa4 Ra3 45. Rc7+ Kd6 46. Rc6+ Ke5 47. Rxb6 Rxa4 48. Kg3 Ra5 49. Be2 f5 50. gxf5 Ra3+ 51. Kf2 Bxf5 52. Bg4 Bd3 53. Re6+ Kf4 0-1

[Event "Novokuznetsk-ch op"]
[Site "Novokuznetsk"]
[Date "2007.11.24"]
[Round "7"]
[White "Denisov, Alexander Grig"]
[Black "Spirin, Alexandr"]
[Result "0-1"]
[WhiteElo "1976"]
[BlackElo "1909"]
[PlyCount "74"]
[EventDate "2007.11.24"]
[EventType "swiss"]
[EventRounds "9"]
[EventCountry "RUS"]
[SourceTitle "EXT 2022"]
[Source "ChessBase"]
[SourceDate "2021.10.06"]
[SourceVersion "1"]
[SourceVersionDate "2021.10.06"]
[SourceQuality "1"]

1. e4 Nc6 2. Nf3 e5 3. d4 d6 4. Bc4 Be7 5. 0-0 Nf6 6. Nc3 0-0 7. h3 a6 8. Bg5 h6 9. Be3 Kh7 10. Nh2 exd4 11. Bxd4 Be6 12. Be2 Nd7 13. f4 Nxd4 14. Qxd4 d5 15. Qd3 Nc5 16. Qg3 Nxe4 17. Nxe4 dxe4 18. f5 Qd4+ 19. Kh1 Bc4 20. Bxc4 Qxc4 21. Ng4 Bf6 22. Nxf6+ gxf6 23. Qh4 Qc6 24. Rf4 Rae8 25. Qh5 Qxc2 26. Raf1 Rg8 27. R1f2 Qc1+ 28. Rf1 Qd2 29. R1f2 Qc1+ 30. Rf1 Qxb2 31. R1f2 Qa1+ 32. Rf1 Qxa2 33. R1f2 Rg5 34. Rxa2 Rxh5 35. h4 Re5 36. g4 Rxh4+ 37. Kg2 h5 0-1

[Event "Novokuznetsk-ch op"]
[Site "Novokuznetsk"]
[Date "2007.11.24"]
[Round "4"]
[White "Shukan, Mikhail"]
[Black "Denisov, Alexander Grig"]
[Result "1/2-1/2"]
[WhiteElo "2077"]
[BlackElo "1976"]
[PlyCount "48"]
[EventDate "2007.11.24"]
[EventType "swiss"]
[EventRounds "9"]
[EventCountry "RUS"]
[SourceTitle "EXT 2022"]
[Source "ChessBase"]
[SourceDate "2021.10.06"]
[SourceVersion "1"]
[SourceVersionDate "2021.10.06"]
[SourceQuality "1"]

1. e4 e5 2. Nf3 Nf6 3. d4 Nxe4 4. dxe5 d5 5. Bd3 Bf5 6. 0-0 Nc6 7. Bf4 Bc5 8. Nbd2 0-0 9. Nb3 Bb6 10. Qe2 Qe7 11. c3 Rad8 12. Rad1 Bg6 13. Bc2 Qe6 14. Nfd4 Nxd4 15. Nxd4 Bxd4 16. cxd4 f6 17. f3 fxe5 18. Bxe5 Nd6 19. Bxg6 Qxg6 20. Qe3 Nc4 21. Qb3 c6 22. Rfe1 Rd7 23. Re2 Rdf7 24. Bg3 Nd6 1/2-1/2

[Event "Novokuznetsk-ch op"]
[Site "Novokuznetsk"]
[Date "2007.11.24"]
[Round "6"]
[White "Vladimirov, Mikhail"]
[Black "Denisov, Alexander Grig"]
[Result "1-0"]
[WhiteElo "2187"]
[BlackElo "1976"]
[PlyCount "63"]
[EventDate "2007.11.24"]
[EventType "swiss"]
[EventRounds "9"]
[EventCountry "RUS"]
[SourceTitle "EXT 2022"]
[Source "ChessBase"]
[SourceDate "2021.10.06"]
[SourceVersion "1"]
[SourceVersionDate "2021.10.06"]
[SourceQuality "1"]

1. d4 d5 2. c4 dxc4 3. Nf3 Nf6 4. e3 a6 5. Bxc4 e6 6. 0-0 c5 7. a4 Nc6 8. Nc3 cxd4 9. exd4 Be7 10. d5 exd5 11. Nxd5 0-0 12. Nxe7+ Qxe7 13. Re1 Qc5 14. Qc2 Kh8 15. Be3 Qh5 16. Be2 Ng4 17. Qc5 Bf5 18. Bf4 Bg6 19. Ng5 h6 20. h3 hxg5 21. Bxg4 Qh7 22. Bxg5 Rfe8 23. b4 Be4 24. Bf4 f5 25. Be2 Rac8 26. f3 Ne5 27. Qe3 Ng6 28. Bf1 Bc6 29. Qd2 Rcd8 30. Bd6 Nh4 31. Qf4 Qg6 32. Qxh4+ 1-0